[Event "6th Sigeman & Co"]
[Site "Malmo SWE"]
[Date "1998.06.09"]
[Round "1"]
[White "Cramling, Pia"]
[Black "Hector, Jonny"]
[Result "1/2-1/2"]
[WhiteElo "2535"]
[BlackElo "2505"]
[EventDate "1998.06.09"]
[PlyCount "38"]

1.d4 d5 2.Nf3 Nf6 3.c4 c6 4.Nc3 dxc4 5.a4 Bf5 6.Ne5 e6 7.f3 Bb4 8.e4 Bxe4 
9.fxe4 Nxe4 10.Bd2 Qxd4 11.Nxe4 Qxe4+ 12.Qe2 Bxd2+ 13.Kxd2 Qd5+ 14.Kc2 Na6
15.Nxc4 O-O 16.Qe5 Rab8 17.Rd1 Nb4+ 18.Kc1 Na2+ 19.Kc2 Nb4+ 1/2-1/2

[Event "6th Sigeman & Co"]
[Site "Malmo SWE"]
[Date "1998.06.09"]
[Round "1"]
[White "Hansen, Curt"]
[Black "Brynell, Stellan"]
[Result "1-0"]
[WhiteElo "2595"]
[BlackElo "2475"]
[EventDate "1998.06.09"]
[PlyCount "163"]

1.c4 e5 2.Nc3 Nf6 3.g3 Bb4 4.Bg2 O-O 5.Nf3 Nc6 6.O-O e4 7.Ng5 Bxc3 8.bxc3 
Re8 9.f3 e3 10.dxe3 h6 11.Nh3 b6 12.Nf4 Na5 13.c5 Qe7 14.cxb6 axb6 15.e4 
Qc5+ 16.Kh1 Bb7 17.Nd3 Qc4 18.Bf4 d6 19.Qc2 Nd7 20.Rfd1 Qe6 21.Be3 Nc4 22.
Bd4 Ra5 23.Nf4 Qe7 24.Qb3 b5 25.a4 Rea8 26.Rac1 Rxa4 27.Qxb5 Ndb6 28.Qh5 
R8a5 29.Qh4 Qg5 30.Rb1 Ra2 31.Kg1 Bc6 32.Bf1 Ba4 33.Re1 c5 34.Bf2 Qxh4 35.
gxh4 Bc2 36.Rbc1 Rb2 37.h5 Raa2 38.Ra1 Na4 39.Nd5 Bb3 40.Bg3 Rc2 41.Rxa2 
Rxa2 42.Bh3 Rc2 43.Bf5 Ne5 44.Rb1 Rb2 45.Rxb2 Nxb2 46.Ne7+ Kf8 47.Nc8 Nbc4
48.Bh3 f6 49.Be6 Ba4 50.Kf2 Na3 51.Nxd6 Ke7 52.Nb7 Be8 53.Bd5 c4 54.Na5 
Nb5 55.Bxe5 fxe5 56.Nxc4 Kf6 57.Ne3 Nxc3 58.Ng4+ Ke7 59.Nxe5 Bxh5 60.Bb3 
Be8 61.Ke3 Kf6 62.Nc4 Bb5 63.Kd3 Bxc4+ 64.Bxc4 Na4 65.Kd4 Nb6 66.e5+ Ke7 
67.Bb5 Nc8 68.Ke4 Nb6 69.h4 Ke6 70.h5 Ke7 71.f4 Ke6 72.e3 Ke7 73.Kd4 Ke6 
74.Kc5 Nc8 75.Bf1 Ne7 76.Bh3+ Kf7 77.Kd6 Kf8 78.Bd7 g6 79.hxg6 Nxg6 80.f5 
Nh4 81.f6 Kf7 82.e6+ 1-0

[Event "6th Sigeman & Co"]
[Site "Malmo SWE"]
[Date "1998.06.10"]
[Round "2"]
[White "Hansen, Curt"]
[Black "Degerman, Lars"]
[Result "1/2-1/2"]
[WhiteElo "2595"]
[BlackElo "2490"]
[EventDate "1998.06.09"]
[PlyCount "35"]

1.d4 d5 2.c4 dxc4 3.Nf3 a6 4.e3 e6 5.Bxc4 Nf6 6.O-O c5 7.Bb3 cxd4 8.exd4 
Nc6 9.Nc3 Be7 10.a3 O-O 11.Re1 Qd6 12.g3 Nd5 13.Nxd5 exd5 14.Ne5 Be6 15.
Bf4 Nxe5 16.dxe5 Qb6 17.Bc2 Rac8 18.Qd2 1/2-1/2

[Event "6th Sigeman & Co"]
[Site "Malmo SWE"]
[Date "1998.06.10"]
[Round "2"]
[White "Lautier, Joel"]
[Black "Cramling, Pia"]
[Result "1-0"]
[WhiteElo "2645"]
[BlackElo "2535"]
[EventDate "1998.06.09"]
[PlyCount "65"]

1.d4 Nf6 2.c4 c5 3.d5 b5 4.Nf3 g6 5.Qc2 Bg7 6.cxb5 a6 7.e4 axb5 8.Bxb5 
Qa5+ 9.Nc3 Ba6 10.Bxa6 Nxa6 11.O-O d6 12.e5 dxe5 13.Nxe5 Nb4 14.Qb3 O-O 
15.Bg5 Qc7 16.Nf3 Rab8 17.Qc4 Qb7 18.Rad1 Rfd8 19.Bf4 Rbc8 20.d6 e6 21.Be5
Nbd5 22.a3 Nxc3 23.bxc3 Nd5 24.Bxg7 Kxg7 25.Qe4 Qb2 26.Qe5+ Kg8 27.Rd2 Qb5
28.Ng5 Qe8 29.Ne4 f6 30.Nxf6+ Nxf6 31.Qxf6 Rc6 32.Qe5 Rd7 33.Re1 1-0

[Event "6th Sigeman & Co"]
[Site "Malmo SWE"]
[Date "1998.06.11"]
[Round "3"]
[White "Cramling, Pia"]
[Black "Hansen, Curt"]
[Result "1/2-1/2"]
[WhiteElo "2535"]
[BlackElo "2595"]
[EventDate "1998.06.09"]
[PlyCount "42"]

1.d4 d5 2.c4 dxc4 3.Nf3 Nf6 4.e3 e6 5.Bxc4 c5 6.O-O a6 7.b3 Nbd7 8.Bb2 Be7
9.Nbd2 O-O 10.Be2 b6 11.Nc4 Bb7 12.Rc1 Qb8 13.dxc5 Bxc5 14.Nfe5 Rd8 15.Bd3
Be7 16.Qe2 Ra7 17.Nxd7 Nxd7 18.Rfd1 Bd5 19.Bb1 Rc7 20.Nd2 Rxc1 21.Rxc1 b5 
1/2-1/2

[Event "6th Sigeman & Co"]
[Site "Malmo SWE"]
[Date "1998.06.11"]
[Round "3"]
[White "Degerman, Lars"]
[Black "Brynell, Stellan"]
[Result "1-0"]
[WhiteElo "2490"]
[BlackElo "2475"]
[EventDate "1998.06.09"]
[PlyCount "55"]

1.Nf3 Nf6 2.c4 e6 3.e3 b6 4.Be2 Bb7 5.O-O g6 6.b3 Bg7 7.Bb2 O-O 8.Nc3 d6 
9.Qc2 Nbd7 10.d4 a6 11.e4 c5 12.d5 e5 13.g3 Ne8 14.Nh4 Bc8 15.Nd1 Bh6 16.
Ng2 Ng7 17.Nde3 f5 18.exf5 Nxf5 19.Nxf5 gxf5 20.f4 e4 21.g4 fxg4 22.Bxg4 
Nf6 23.Be6+ Bxe6 24.dxe6 d5 25.cxd5 Qxd5 26.e7 Rf7 27.Bxf6 Rxf6 28.Rad1 
1-0

[Event "6th Sigeman & Co"]
[Site "Malmo SWE"]
[Date "1998.06.11"]
[Round "3"]
[White "Miladinovic, Igor"]
[Black "Lautier, Joel"]
[Result "1-0"]
[WhiteElo "2565"]
[BlackElo "2645"]
[EventDate "1998.06.09"]
[PlyCount "135"]

1.d4 Nf6 2.c4 e6 3.Nc3 Bb4 4.g3 c5 5.Nf3 cxd4 6.Nxd4 O-O 7.Bg2 d5 8.cxd5 
Nxd5 9.Bd2 Nxc3 10.bxc3 Be7 11.O-O Nd7 12.a4 a6 13.Be3 Qc7 14.Qb1 Bc5 15.
Qb3 Rb8 16.Rfd1 e5 17.Nc2 b6 18.Qd5 Nf6 19.Qc4 Bf5 20.Nb4 Be6 21.Nd5 Bxd5 
22.Bxd5 Rbc8 23.Bxc5 Qxc5 24.Qxc5 Rxc5 25.Bb7 Rxc3 26.Bxa6 Ne4 27.Rdb1 Rc5
28.Rxb6 Ra5 29.Bd3 Nc5 30.Bb5 g6 31.Rc6 Nb3 32.Rb1 Nd4 33.Ra6 Rxa6 34.Bxa6
Ra8 35.Bb5 Kf8 36.e3 Ne6 37.Bc6 Ra6 38.Rb8+ Kg7 39.Rc8 Kf6 40.Kf1 Ke7 41.
Ke2 Kd6 42.Bb5 Ra7 43.Kd3 Nc7 44.Kc4 Nxb5 45.axb5 Ra2 46.Kb3 Ra5 47.Kb4 
Ra2 48.b6 Rb2+ 49.Ka5 Ra2+ 50.Kb5 Rb2+ 51.Ka6 Ra2+ 52.Kb7 Rxf2 53.Rc6+ Kd7
54.Rc7+ Ke6 55.h3 Rb2 56.Rc3 Kd7 57.Ka7 Ra2+ 58.Kb8 f5 59.b7 e4 60.Rc7+ 
Kd8 61.Rc5 Kd7 62.Rd5+ Ke6 63.Rd4 Ra3 64.Kc7 Rc3+ 65.Kb6 Rb3+ 66.Kc6 g5 
67.Rd6+ Ke7 68.Rd5 1-0

[Event "6th Sigeman & Co"]
[Site "Malmo SWE"]
[Date "1998.06.13"]
[Round "5"]
[White "Cramling, Pia"]
[Black "Brynell, Stellan"]
[Result "1/2-1/2"]
[WhiteElo "2535"]
[BlackElo "2475"]
[EventDate "1998.06.09"]
[PlyCount "191"]

1.d4 e6 2.c4 Nf6 3.Nf3 b6 4.g3 Ba6 5.Nbd2 Bb4 6.Qb3 c5 7.Bg2 Nc6 8.a3 
Bxd2+ 9.Bxd2 O-O 10.Qa4 Bb7 11.dxc5 bxc5 12.O-O Nd4 13.Nxd4 Bxg2 14.Kxg2 
cxd4 15.c5 e5 16.Bg5 Qc7 17.Bxf6 gxf6 18.Rfc1 Qc6+ 19.Qxc6 dxc6 20.Rc4 
Rfb8 21.Rb4 a5 22.Rxb8+ Rxb8 23.b4 axb4 24.axb4 Rxb4 25.Ra6 Rb2 26.Kf3 f5 
27.Rxc6 e4+ 28.Kf4 Rxe2 29.Kxf5 d3 30.Rc8+ Kg7 31.Rd8 Rc2 32.Kxe4 Rxc5 33.
Rxd3 Rc2 34.Ke3 Ra2 35.Kf3 Kg6 36.Rd6+ f6 37.g4 Ra3+ 38.Kg2 Kg5 39.h3 Rb3 
40.Rd5+ Kg6 41.h4 Rb7 42.Kg3 Ra7 43.f3 Rb7 44.Kf4 h6 45.Ke4 Re7+ 46.Kd4 
Ra7 47.h5+ Kf7 48.Rc5 Rd7+ 49.Ke4 Ra7 50.Rb5 Re7+ 51.Kd4 Ra7 52.Kd5 Rd7+ 
53.Kc4 Ra7 54.Kd4 Rd7+ 55.Rd5 Ra7 56.Rd6 Ke7 57.Rc6 Kf7 58.Kd5 Rd7+ 59.Rd6
Ra7 60.Rb6 Rd7+ 61.Ke4 Ra7 62.Rb4 Re7+ 63.Kd3 Ra7 64.f4 Ke6 65.Ke4 Kf7 66.
Rc4 Ke6 67.Rd4 Ra1 68.f5+ Ke7 69.Kd5 Kf7 70.Kd6 Ra2 71.Kd7 Ra1 72.Kd8 Ra8+
73.Kc7 Ra7+ 74.Kb6 Ra1 75.Rd7+ Kg8 76.Kc5 Re1 77.Kd6 Re2 78.Rc7 Re1 79.Kd7
Re2 80.Kd8 Re4 81.Ra7 Re1 82.Re7 Ra1 83.Rb7 Re1 84.Kd7 Re2 85.Kd6 Re1 86.
Re7 Ra1 87.Re4 Kf7 88.Rd4 Ra2 89.Kd7 Ra1 90.Kd8 Ra8+ 91.Kc7 Ra7+ 92.Kc6 
Ra6+ 93.Kb5 Ra1 94.Rd7+ Kg8 95.Re7 Rg1 96.Re4 1/2-1/2

[Event "6th Sigeman & Co"]
[Site "Malmo SWE"]
[Date "1998.06.13"]
[Round "5"]
[White "Miladinovic, Igor"]
[Black "Degerman, Lars"]
[Result "1/2-1/2"]
[WhiteElo "2565"]
[BlackElo "2490"]
[EventDate "1998.06.09"]
[PlyCount "98"]

1.d4 d5 2.Bg5 h6 3.Bh4 c6 4.e3 Qb6 5.Qc1 e5 6.Nf3 e4 7.Nfd2 Ne7 8.c4 Nf5 
9.Bg3 Nxg3 10.hxg3 Be6 11.Nc3 Nd7 12.Qc2 Be7 13.Rb1 Nf6 14.b4 O-O 15.a3 h5
16.Be2 g6 17.Nb3 Kg7 18.Nc5 Bc8 19.b5 Qa5 20.O-O Bxc5 21.dxc5 Qxa3 22.Na4 
dxc4 23.Bxc4 cxb5 24.Bxb5 Be6 25.Rfc1 Rac8 26.Rb2 a6 27.Be2 b5 28.Nb6 Rxc5
29.Qxc5 Qxb2 30.Rc2 Qa1+ 31.Rc1 Qb2 32.Rc2 Qa1+ 33.Rc1 Qa2 34.Rc2 Qb3 35.
Rc3 Qb1+ 36.Rc1 Qa2 37.Rc2 Qa5 38.Qd4 b4 39.Rc6 b3 40.Bf1 Qe1 41.Nd5 Bxd5 
42.Rxf6 Kh6 43.Rxa6 Rb8 44.Qxd5 b2 45.Qxf7 Qxf1+ 46.Kh2 Qxa6 47.Qf4+ Kg7 
48.Qc7+ Kf6 49.Qxb8 Qa1 1/2-1/2

[Event "6th Sigeman & Co"]
[Site "Malmo SWE"]
[Date "1998.06.14"]
[Round "6"]
[White "Brynell, Stellan"]
[Black "Hector, Jonny"]
[Result "1/2-1/2"]
[WhiteElo "2475"]
[BlackElo "2505"]
[EventDate "1998.06.09"]
[PlyCount "71"]

1.e4 e5 2.Nf3 Nc6 3.Bb5 a6 4.Bxc6 dxc6 5.O-O Qd6 6.d4 exd4 7.Qxd4 Qxd4 8.
Nxd4 Bd7 9.Be3 O-O-O 10.Nc3 Re8 11.Rad1 Bb4 12.Nde2 f5 13.exf5 Bxf5 14.Rd2
Nf6 15.a3 Be7 16.h3 Rd8 17.Rxd8+ Rxd8 18.Rc1 c5 19.g4 Bg6 20.Nf4 Bf7 21.
Rd1 Rxd1+ 22.Nxd1 Kd7 23.Nd3 c4 24.Ne5+ Ke8 25.Nxf7 Kxf7 26.Nc3 Ke6 27.f3 
Nd5 28.Bd4 g6 29.Nxd5 Kxd5 30.Bc3 Bg5 31.Kf2 b5 32.Ke2 Bc1 33.Kd1 Bf4 34.
Ke2 Bc1 35.Kd1 Bf4 36.Ke2 1/2-1/2

[Event "6th Sigeman & Co"]
[Site "Malmo SWE"]
[Date "1998.06.15"]
[Round "7"]
[White "Miladinovic, Igor"]
[Black "Brynell, Stellan"]
[Result "1-0"]
[WhiteElo "2565"]
[BlackElo "2475"]
[EventDate "1998.06.09"]
[PlyCount "55"]

1.d4 e6 2.c4 Nf6 3.Nc3 Bb4 4.g3 c5 5.Nf3 cxd4 6.Nxd4 Ne4 7.Qd3 Qa5 8.Nb3 
Qf5 9.Qe3 Nc6 10.Bg2 Nxc3 11.bxc3 Be7 12.O-O O-O 13.Rd1 b6 14.h3 Rd8 15.g4
Qg6 16.Qg3 Ba6 17.Bf4 Bxc4 18.Bc7 Re8 19.Rxd7 e5 20.Bxe5 Rac8 21.Bf4 Bxe2 
22.Re1 Bf8 23.Bd5 Ne7 24.Bb7 Bb5 25.Rdxe7 Rxe7 26.Rxe7 Bxe7 27.Bxc8 Bc6 
28.Bf5 1-0

[Event "6th Sigeman & Co"]
[Site "Malmo SWE"]
[Date "1998.06.16"]
[Round "8"]
[White "Cramling, Pia"]
[Black "Spassky, Boris"]
[Result "1/2-1/2"]
[WhiteElo "2535"]
[BlackElo "2535"]
[EventDate "1998.06.09"]
[PlyCount "20"]

1.d4 d5 2.c4 e6 3.Nf3 Be7 4.Nc3 Nf6 5.Bg5 h6 6.Bxf6 Bxf6 7.Qb3 c6 8.Rd1 
Nd7 9.e3 O-O 10.Bd3 Nb6 1/2-1/2

[Event "6th Sigeman & Co"]
[Site "Malmo SWE"]
[Date "1998.06.16"]
[Round "8"]
[White "Miladinovic, Igor"]
[Black "Sokolov, Ivan"]
[Result "1/2-1/2"]
[WhiteElo "2565"]
[BlackElo "2625"]
[EventDate "1998.06.09"]
[PlyCount "104"]

1.d4 Nf6 2.c4 c6 3.Nc3 d5 4.cxd5 cxd5 5.Bf4 Nc6 6.e3 a6 7.Bd3 Bg4 8.Nge2 
e6 9.Rc1 Bh5 10.Qb3 Ra7 11.O-O Be7 12.Bg3 O-O 13.Nf4 Bg6 14.Nxg6 hxg6 15.
Na4 Nd7 16.a3 Na5 17.Qa2 b5 18.Nc3 Nc4 19.Nb1 Qa5 20.Rc2 g5 21.b3 Nxa3 22.
Nxa3 Qxa3 23.Ra1 Qb4 24.f3 e5 25.Be1 Qd6 26.Bxb5 exd4 27.exd4 Bf6 28.Rd1 
Qb6 29.Bc6 Bxd4+ 30.Kh1 Be3 31.Bxd5 Nf6 32.Bc4 Rd8 33.Rxd8+ Qxd8 34.Re2 
Bb6 35.Rd2 Qe7 36.Re2 Qd8 37.Rd2 Qf8 38.Bf2 Bxf2 39.Rxf2 a5 40.Rf1 Qb4 41.
Qa4 Qxa4 42.bxa4 Rc7 43.Bb5 Nd5 44.Rd1 Rc5 45.h3 g6 46.Rd4 Kg7 47.h4 gxh4 
48.Rxh4 f5 49.Rd4 Kf6 50.f4 Ke7 51.Kh2 Kf6 52.Kg3 g5 1/2-1/2

[Event "6th Sigeman & Co"]
[Site "Malmo SWE"]
[Date "1998.06.17"]
[Round "9"]
[White "Sokolov, Ivan"]
[Black "Brynell, Stellan"]
[Result "1/2-1/2"]
[WhiteElo "2625"]
[BlackElo "2475"]
[EventDate "1998.06.09"]
[PlyCount "110"]

1.d4 e6 2.c4 Nf6 3.Nf3 b6 4.a3 c5 5.d5 Ba6 6.Qc2 exd5 7.cxd5 g6 8.Nc3 Bg7 
9.g4 O-O 10.g5 Nh5 11.Ne4 d6 12.Ng3 Nxg3 13.hxg3 Qe7 14.Bf4 Nd7 15.e3 Bxf1
16.Kxf1 f5 17.gxf6 Bxf6 18.Kg2 Ne5 19.Nd2 Qf7 20.Ne4 Qxd5 21.Rad1 Qc4 22.
Qb1 Bg7 23.Nxd6 Qe6 24.Qe4 Rad8 25.Bxe5 Bxe5 26.Nc4 Rxf2+ 27.Kxf2 Bxg3+ 
28.Kxg3 Qxe4 29.Rxd8+ Kg7 30.Rd7+ Kg8 31.Rd8+ Kg7 32.Rd7+ Kg8 33.Rh4 Qb1 
34.Rd8+ Kg7 35.Rd7+ Kg8 36.Rhxh7 Qg1+ 37.Kh4 Qf2+ 38.Kg5 Qf5+ 39.Kh4 Qf2+ 
40.Kg4 Qg2+ 41.Kf4 Qf1+ 42.Ke5 Qf5+ 43.Kd6 Qd3+ 44.Kc7 Qxc4 45.Rhe7 Kf8 
46.Kd8 Qh4 47.e4 a6 48.Kc7 Qxe7 49.Rxe7 Kxe7 50.Kxb6 Kd6 51.Kxa6 g5 52.b4 
cxb4 53.axb4 g4 54.b5 g3 55.e5+ Kxe5 1/2-1/2

[Event "6th Sigeman & Co"]
[Site "Malmo SWE"]
[Date "1998.06.17"]
[Round "9"]
[White "Spassky, Boris"]
[Black "Miladinovic, Igor"]
[Result "1/2-1/2"]
[WhiteElo "2535"]
[BlackElo "2565"]
[EventDate "1998.06.09"]
[PlyCount "28"]

1.d4 d5 2.c4 e6 3.Nc3 Nf6 4.Bg5 Be7 5.e3 O-O 6.Nf3 h6 7.Bh4 Ne4 8.Bxe7 
Qxe7 9.Qc2 Nxc3 10.Qxc3 c6 11.Be2 Nd7 12.O-O dxc4 13.Bxc4 b6 14.b4 Bb7 
1/2-1/2